00524nam a22001817a 450000500170000001000400001702000260005703500140008303500170009703700160011403700130013008200080014310000170015124500600016826000320022827000540026030000280031420180105111358.0 a1718EN-30 ENG-116659 a9789351941453c495.00 aEN-100191 aB-682904-932 bAakar adpl bDBAD/PUB a796 aVijayan Bala aThe complete Indian sports quiz B??K /cby Vijayan Bala aNew DelhibRoli Booksc2015 aM-75,Greater Kailash II MarketbNew Delhie110048 a424p. :c22cm(pbk)bill